000 01170nam a22001577a 4500
003 OSt
008 200707b ||||| |||| 00| 0 eng d
020 _a9788123902739
100 _aGupta, Ashok K.
245 _aIntroduction to Pharmaceutics-1
250 _a3rd
_b2019
260 _aNew Delhi
_bBirla Publications Pvt. Ltd.
500 _ahe book is written in a very simple language giving suitable illustrations wherever required to make the students understand the topics in a better manner. Since the Pharmacy Council of India according to Education Regulation 1991 has recast the syllabus for Diploma in Pharmacy in which a large number of new topics like introduction to different dosage forms, drug delivery systems, Ayurvedic dosage forms, introduction to pharmacopoeias micro-encapsulation etc has been incorporated, so it was necessary to bring this book upto the latest requirements of the teachers and students. Every effort has been made to present the material in a very precise manner covering all the topics prescribed by Pharmacy Council of India Education Regulation 1991.
650 _aPharmaceutics (Dispensing and General Pharmacy)
942 _2ddc
_cBK
999 _c8719
_d8719